<?xml version="1.0" encoding="UTF-8"?>
<record
    xmlns:xsi="http://www.w3.org/2001/XMLSchema-instance"
    xsi:schemaLocation="http://www.loc.gov/MARC21/slim http://www.loc.gov/standards/marcxml/schema/MARC21slim.xsd"
    xmlns="http://www.loc.gov/MARC21/slim">

  <leader>01882agaaa2200313   4500</leader>
  <controlfield tag="001">6413</controlfield>
  <controlfield tag="003">IT-RoPAU</controlfield>
  <controlfield tag="005">20220918181239.0</controlfield>
  <controlfield tag="007">d cvaizq</controlfield>
  <controlfield tag="008">50131s9999||||xx ||| |     ||   ||und||</controlfield>
  <datafield tag="040" ind1=" " ind2=" ">
    <subfield code="a">IT-RoPAU</subfield>
    <subfield code="c">IT-RoPAU</subfield>
  </datafield>
  <datafield tag="041" ind1=" " ind2=" ">
    <subfield code="a">ITALIANO</subfield>
  </datafield>
  <datafield tag="100" ind1=" " ind2=" ">
    <subfield code="a">Base Giulio</subfield>
    <subfield code="g">Codice regista SPICS: 58034</subfield>
    <subfield code="9">40986</subfield>
  </datafield>
  <datafield tag="130" ind1=" " ind2=" ">
    <subfield code="a">MARIA GORETTI</subfield>
    <subfield code="9">44705</subfield>
  </datafield>
  <datafield tag="245" ind1=" " ind2=" ">
    <subfield code="a">MARIA GORETTI</subfield>
    <subfield code="c">Prodotto da: Bernabei L. E M. -- Sceneggiatura: Contaldo Francesco -- Diretto da: Base Giulio</subfield>
    <subfield code="p">MARIA GORETTI (Rif. Codice opera principale : H6413)</subfield>
  </datafield>
  <datafield tag="250" ind1=" " ind2=" ">
    <subfield code="a">Edizione Standard</subfield>
  </datafield>
  <datafield tag="260" ind1=" " ind2=" ">
    <subfield code="a">(ITALIA)</subfield>
    <subfield code="b">LUX VIDE - RAI FICTION / Distribuzione: MULTIMEDIA SAN PAOLO</subfield>
    <subfield code="g">"2003 (1&#xB0; ed.: 2006 ; Ed. Lingua Orig.: 2003)"</subfield>
  </datafield>
  <datafield tag="300" ind1=" " ind2=" ">
    <subfield code="a">DVD</subfield>
    <subfield code="b">sonoro, col.</subfield>
    <subfield code="c">95 minuti</subfield>
  </datafield>
  <datafield tag="508" ind1=" " ind2=" ">
    <subfield code="a">"Fotografia: Lucci Fabrizio; Montaggio: Siciliano Roberto; Musica: Morricone Andrea; Sceneggiatura: Contaldo Francesco; Scenografia: Formica Nino; "</subfield>
  </datafield>
  <datafield tag="511" ind1=" " ind2=" ">
    <subfield code="a">"Bonetti Massimo; Ranieri Luisa; Insinna Flavio; Pinto Martina; Bucci Fabrizio; Koll C"</subfield>
  </datafield>
  <datafield tag="520" ind1=" " ind2=" ">
    <subfield code="a">MARIA GORETTI E ALESSANDRO SERENELLI VIVONO UN'INTENSA STORIA DI AMICIZIA CHE AVREBBE POTUTO TRASFORMARSI IN AMORE MA, ALESSANDRO, SCEGLIENDO UNA STRADA DIVERSA, SI RITROVA AD USARE VIOLENZA E AD ACCOLTELLARE LA SUA AMICA. DURANTE L'AGONIA LA FANCIULLA PERDONA IL SUO UCCISORE, DIMOSTRANDO CHE SI PUO' RISPONDERE ALL'ODIO CON L'AMORE. LA VITA DI MARIA E' BREVE E INTENSA, FATTA DI UN ALLENAMENTO CONTINUO ALL'AMORE NEI PICCOLI GESTI DI TUTTI I GIORNI.</subfield>
  </datafield>
  <datafield tag="538" ind1=" " ind2=" ">
    <subfield code="a">PAL, STEREO</subfield>
  </datafield>
  <datafield tag="546" ind1=" " ind2=" ">
    <subfield code="a">ITALIANO</subfield>
  </datafield>
  <datafield tag="650" ind1=" " ind2=" ">
    <subfield code="a">DRAMMATICO</subfield>
    <subfield code="e">DVD-FILM [DVD]</subfield>
    <subfield code="x">Codice MATERIA SPICS: 9947</subfield>
    <subfield code="9">44706</subfield>
  </datafield>
  <datafield tag="700" ind1=" " ind2=" ">
    <subfield code="a">Base Giulio </subfield>
    <subfield code="e">(regista)</subfield>
    <subfield code="g">Codice regista SPICS: 58034</subfield>
    <subfield code="9">40986</subfield>
  </datafield>
  <datafield tag="700" ind1=" " ind2=" ">
    <subfield code="a">Contaldo Francesco </subfield>
    <subfield code="e">(soggetto)</subfield>
    <subfield code="g">Codice Soggetto SPICS: 7850</subfield>
    <subfield code="9">44707</subfield>
  </datafield>
  <datafield tag="700" ind1=" " ind2=" ">
    <subfield code="a">Morricone Andrea</subfield>
    <subfield code="e">(musica)</subfield>
    <subfield code="g">Codice Musica SPICS: 58522</subfield>
    <subfield code="9">44708</subfield>
  </datafield>
  <datafield tag="942" ind1=" " ind2=" ">
    <subfield code="c">DV</subfield>
    <subfield code="2">ddc</subfield>
  </datafield>
  <datafield tag="999" ind1=" " ind2=" ">
    <subfield code="c">106031</subfield>
    <subfield code="d">106031</subfield>
  </datafield>
  <datafield tag="952" ind1=" " ind2=" ">
    <subfield code="0">0</subfield>
    <subfield code="1">0</subfield>
    <subfield code="4">0</subfield>
    <subfield code="6">H_6413_000000000000000</subfield>
    <subfield code="7">1</subfield>
    <subfield code="a">SPICS</subfield>
    <subfield code="b">SPICS</subfield>
    <subfield code="d">2015-01-31</subfield>
    <subfield code="l">0</subfield>
    <subfield code="o">H6413</subfield>
    <subfield code="r">2015-01-31 00:00:00</subfield>
    <subfield code="w">2015-01-31</subfield>
    <subfield code="y">DV</subfield>
    <subfield code="z">Progr. Ins.: 3430 / N.Vol.:1 / Copie: 1 / Pag.:0 / Copia rara: n.d. / date import: 1.2.2015 / By Epidotti, Trombetti, Vaglietti</subfield>
  </datafield>
</record>
